Cody Rhodes career opponents - Statistics

General Stats
  • This quiz has been taken 25 times
  • The average score is 71 of 171
Answer Stats
Answer % Correct
Drew McIntyre
100%
CM Punk
93%
John Cena
93%
Randy Orton
93%
A.J. Styles
86%
Dominik Mysterio
86%
Dustin Rhodes
86%
Kenny Omega
86%
Rey Mysterio
86%
Roman Reigns
86%
Seth Rollins
86%
Brock Lesnar
79%
Finn Balor
79%
Kane
79%
Sheamus
79%
The Big Show
79%
Alberto Del Rio
71%
Batista
71%
Chris Jericho
71%
Daniel Bryan
71%
Dolph Ziggler
71%
Eddie Kingston
71%
Gunther
71%
Jack Swagger
71%
Jey Uso
71%
Jimmy Uso
71%
John Morrison
71%
Kenny King
71%
Kofi Kingston
71%
Solo Sikoa
71%
Ted Dibiase Jr.
71%
Triple H
71%
Adam Cole
64%
Big E
64%
Booker T
64%
Carlito
64%
Curtis Axel
64%
Damian Priest
64%
David Finlay
64%
Ezekiel Jackson
64%
Finlay
64%
Kevin Owens
64%
Kurt Angle
64%
LA Knight
64%
Matt Hardy
64%
MVP
64%
Ryback
64%
Sami Zayn
64%
The Miz
64%
Zack Ryder
64%
Aleister Black
57%
Antonio Cesaro
57%
Apollo Crews
57%
Austin Theory
57%
Bronson Reed
57%
Chavo Guerrero Jr.
57%
Christian
57%
Christopher Daniels
57%
Darby Allin
57%
Ethan Page
57%
Hardcore Holly
57%
Logan Paul
57%
Mark Henry
57%
Mr. Kennedy
57%
Santino Marella
57%
Shane McMahon
57%
Shelton Benjamin
57%
Wade Barrett
57%
Alex Riley
50%
Brodie Lee
50%
Chris Hero
50%
Chris Masters
50%
Darren Young
50%
Joey Ryan
50%
JTG
50%
Justin Gabriel
50%
Keith Lee
50%
Neville
50%
Primo
50%
R Truth
50%
Shinsuke Nakamura
50%
Tensai
50%
The Great Khali
50%
Trevor Lee
50%
William Regal
50%
Baron Corbin
43%
Damien Sandow
43%
Elijah Burke
43%
Jay Lethal
43%
Ricochet
43%
Sin Cara
43%
Titus O'Neil
43%
Tommaso Ciampa
43%
Brian Cage
36%
Fandango
36%
Grayson Waller
36%
Hernandez
36%
KC James
36%
Lance Archer
36%
Matt Riddle
36%
Orange Cassidy
36%
Ortiz
36%
Penta El Zero Miedo
36%
Tommy Dreamer
36%
Tyson Kidd
36%
Vladimir Kozlov
36%
Doug Williams
29%
Kazuchika Okada
29%
Ludwig Kaiser
29%
Matt Sydal
29%
Minoru Suzuki
29%
Paul Burchill
29%
Sammy Guevara
29%
Trevor Murdoch
29%
Abyss
21%
Anthony Ogogo
21%
Bobby Fish
21%
Chad Gable
21%
Maxwell Jacob Friedman
21%
Oba Femi
21%
Pete Dunne
21%
Snitsky
21%
Will Ospreay
21%
Yoshi Tatsu
21%
Zack Sabre Jr.
21%
Adam Rose
14%
Andrade El Idolo
14%
Colt Cabana
14%
Dalton Castle
14%
Eddie Edwards
14%
Frankie Kazarian
14%
Jack Perry
14%
JD McDonagh
14%
Matt Taven
14%
Nick Aldis
14%
QT Marshall
14%
Sami Callihan
14%
Steve Corino
14%
Wardlow
14%
Carmelo Hayes
7%
Daivari
7%
Domino
7%
Jushin Liger
7%
Kota Ibushi
7%
Kyle O'Reilly
7%
Marty Scurll
7%
Mike Bennett
7%
Ricky Starks
7%
Road Dogg
7%
Santos Escobar
7%
Shawn Spears
7%
Aaron Solow
0%
Donovan Dijak
0%
Jerry "The King" Lawler
0%
Joey Janela
0%
Jonathan Gresham
0%
Juice Robinson
0%
Kip Sabian
0%
KUSHIDA
0%
Mark Briscoe
0%
Michael Elgin
0%
Moose
0%
Percy Watson
0%
Peter Avalon
0%
Rocky Romero
0%
SANADA
0%
Scorpio Sky
0%
Shane Strickland
0%
Sonjay Dutt
0%
Sonny Kiss
0%
Trent Barreta
0%
No matching quizzes found
Score Distribution
Percent of People with Each Score
Percentile by Number Answered
Your Score History
You have not taken this quiz